Ngôn ngữ báo chí : Giáo trình

Sách cung cấp những kiến thức cơ bản, cần thiết nhất về ngôn ngữ báo chí gồm ngôn ngữ chuẩn mực của báo chí, ngôn ngữ các phong cách báo chí, ngôn ngữ tên riêng trên báo chí, ngôn ngữ của thuật ngữ khoa học, danh pháp khoa học, ký hiệu...

詳細記述

保存先:
書誌詳細
第一著者: Vũ, Quang Hào
フォーマット: 図書
言語:Undetermined
出版事項: Hà Nội Thông tấn 2007
主題:
タグ: タグ追加
タグなし, このレコードへの初めてのタグを付けませんか!
Thư viện lưu trữ: Trung tâm Học liệu Trường Đại học Cần Thơ
LEADER 01027nam a2200229Ia 4500
001 CTU_129073
008 210402s9999 xx 000 0 und d
020 |c 45000 
082 |a 808.06607 
082 |b H108 
100 |a Vũ, Quang Hào 
245 0 |a Ngôn ngữ báo chí : 
245 0 |b Giáo trình 
245 0 |c Vũ Quang Hào 
260 |a Hà Nội 
260 |b Thông tấn 
260 |c 2007 
520 |a Sách cung cấp những kiến thức cơ bản, cần thiết nhất về ngôn ngữ báo chí gồm ngôn ngữ chuẩn mực của báo chí, ngôn ngữ các phong cách báo chí, ngôn ngữ tên riêng trên báo chí, ngôn ngữ của thuật ngữ khoa học, danh pháp khoa học, ký hiệu khoa học, ngôn ngữ quảng bá báo... 
650 |a Nghề báo chi,Journalism,Rhetoric,Tu từ học 
650 |x Editing 
904 |i Giang 
980 |a Trung tâm Học liệu Trường Đại học Cần Thơ